00545nam a2200181Ii 450000100060000000300090000600800410001504000330005604100080008908200180009711000270011524500530014226400750019530000120027033600260028233700280030833800270033610734CO-ViMGA241108s9999||||xx |||||||||||||| ||und|| aCO-ViMGAbspaerdacCO-ViMGA0 aunk04a759.9861-M9861 aMuseo del arte moderno10aColección Marlboro del grabado latinoamericano 1a[Lugar de publicación no identificado] : Museo de arte Moderno, 1970 avolumen atextbtxt2rdacontent aunmediatedbn2rdamedia avolumebnc2rdacarrier